00342nam a2200109Ia 4500008004100000082002000041100003100061245003200092260003800124300000900162650006100171211119s9999||||xx |||||||||||||| ||und|| a894.8120bRAM-M aRamachandran Nair, Panmana 0aMalayala Sahitya Niroopanam bSimon & SchusteraNew Delhic2008 a345p aLiteraturevmalayalam literatureGeneraliaxGeneral Stack